[Event "IRI-chT 20th"]
[Site "Tehran"]
[Date "2024.04.11"]
[Round "1.8"]
[White "Kashefi, Amir Hossein"]
[Black "Alizadeh, Amirhosein"]
[Result "1-0"]
[WhiteElo "2193"]
[BlackElo "1888"]
[PlyCount "49"]
[EventDate "2024.04.11"]
[EventType "team-swiss"]
[EventRounds "9"]
[EventCountry "IRI"]
[SourceTitle "EXT 2025"]
[Source "ChessBase"]
[SourceDate "2024.10.14"]
[SourceVersion "1"]
[SourceVersionDate "2024.10.14"]
[SourceQuality "1"]
[WhiteTeam "Tehran Naft"]
[BlackTeam "Pishgam Novin Tehran"]
[WhiteTeamCountry "IRI"]
[BlackTeamCountry "IRI"]

1. e4 c5 2. Nf3 e6 3. d4 cxd4 4. Nxd4 a6 5. c4 Nf6 6. Nc3 Qc7 7. Bd3 Be7 8. f4 d6 9. Be3 0-0 10. 0-0 Nbd7 11. Rc1 b6 12. b4 Rd8 13. Qf3 Bb7 14. Nd5 exd5 15. cxd5 Nc5 16. bxc5 bxc5 17. Nb3 Re8 18. Bd2 Qd7 19. Na5 Bd8 20. Nc4 Qc7 21. Rb1 Rb8 22. Bc3 Qd7 23. h3 a5 24. Rf2 a4 25. Rfb2 1-0

[Event "Asian Academies Hybrid Chess-ch"]
[Site "Tornelo INT"]
[Date "2021.11.24"]
[Round "4.2"]
[White "Alizadeh, Amirhosein"]
[Black "Aiyan, Rahman"]
[Result "1-0"]
[WhiteElo "1688"]
[BlackElo "1250"]
[PlyCount "105"]
[EventDate "2021.11.21"]
[EventType "team-tourn"]
[EventRounds "7"]
[EventCountry "NET"]
[SourceTitle "EXT 2023"]
[Source "ChessBase"]
[SourceDate "2022.10.05"]
[SourceVersion "1"]
[SourceVersionDate "2022.10.05"]
[SourceQuality "1"]
[WhiteTeam "Pishgam Novin"]
[BlackTeam "Basir Memorial CA"]
[WhiteTeamCountry "IRI"]
[BlackTeamCountry "BAN"]

1. e4 e5 2. Nf3 Nc6 3. d4 d6 4. dxe5 dxe5 5. Qxd8+ Kxd8 6. Bc4 Be6 7. Bxe6 fxe6 8. 0-0 Bd6 9. Bg5+ Nf6 10. Nbd2 h6 11. Bh4 g5 12. Bg3 Ke7 13. Nc4 Nxe4 14. Bxe5 Nxe5 15. Nfxe5 Rhg8 16. Rfe1 Nf6 17. Re2 Nd5 18. g3 Raf8 19. Rae1 Rf6 20. Ng4 Rfg6 21. Nce5 Bxe5 22. Rxe5 c6 23. Kf1 h5 24. Ne3 Nxe3+ 25. R1xe3 Rf6 26. Ra5 a6 27. Rae5 Rgf8 28. Re2 Rg6 29. R5e3 Rfg8 30. Rd3 Rd8 31. Red2 Rd5 32. c4 Rxd3 33. Rxd3 e5 34. Ke2 Ke6 35. Rd8 Kf5 36. h3 Rh6 37. Rd7 b5 38. c5 Ke6 39. Rd6+ Ke7 40. Rxh6 h4 41. gxh4 gxh4 42. Rxh4 Ke6 43. Rg4 Kd5 44. h4 Kxc5 45. h5 Kd6 46. h6 Ke6 47. h7 Kf7 48. h8Q Ke6 49. Qg8+ Kd6 50. b4 Kc7 51. Rg7+ Kd6 52. Kd3 c5 53. Ke4 1-0